UM Logo

The art of critical thinking : (Record no. 8173)

MARC details
000 -LEADER
fixed length control field 00564nam a2200157 4500
008 - FIXED-LENGTH DATA ELEMENTS--GENERAL INFORMATION
fixed length control field 171215b xxu||||| |||| 00| 0 eng d
020 ## - INTERNATIONAL STANDARD BOOK NUMBER
International Standard Book Number 9710388011
082 ## - DEWEY DECIMAL CLASSIFICATION NUMBER
Edition number 2004
Classification number DFil 160
Item number B86a
100 ## - MAIN ENTRY--PERSONAL NAME
9 (RLIN) 25286
Personal name Buenaflor, Lionel E., author.
245 ## - TITLE STATEMENT
Title The art of critical thinking :
Remainder of title Llogic for Filipino students /
Statement of responsibility, etc. Lionel E. Buenaflor.
260 ## - PUBLICATION, DISTRIBUTION, ETC. (IMPRINT)
Place of publication, distribution, etc. Mandaluyong City :
Name of publisher, distributor, etc. Books Atbp. Publishing Corp.
Date of publication, distribution, etc. ©2004.
300 ## - PHYSICAL DESCRIPTION
Extent vii, 263 pages :
Other physical details illustrations ;
Dimensions 22 cm.
500 ## - GENERAL NOTE
General note Includes bibliographical references.
650 #0 - SUBJECT ADDED ENTRY--TOPICAL TERM
9 (RLIN) 25287
Topical term or geographic name as entry element Logic
942 ## - ADDED ENTRY ELEMENTS (KOHA)
Source of classification or shelving scheme Dewey Decimal Classification
Koha item type Filipiniana
Holdings
Withdrawn status Lost status Source of classification or shelving scheme Damaged status Not for loan Collection code Home library Current library Date acquired Source of acquisition Total Checkouts Full call number Barcode Date last seen Price effective from Koha item type
    Dewey Decimal Classification     Filipiniana UM Digos College - LIC UM Digos College - LIC 09/26/2005 Purchased   DFil 160 B86a 2004 18258 05/15/2025 12/15/2017 Filipiniana